Central Library OPAC University of Rajshahi

Fertilizer nitrogen : (Record no. 16192)

MARC details
000 -LEADER
fixed length control field 00885nam a22002651 4500
001 - CONTROL NUMBER
control field 16192
003 - CONTROL NUMBER IDENTIFIER
rucl marc code BD-RjUL
005 - DATE AND TIME OF LATEST TRANSACTION
control field 20211208235955.0
008 - FIXED-LENGTH DATA ELEMENTS--GENERAL INFORMATION
fixed length control field 140211s19681964nyuabc b 001 0 eng
035 ## - SYSTEM CONTROL NUMBER
System control number (BD-RjUL)16247
040 ## - CATALOGING SOURCE
Original cataloging agency DLC/ICU
Transcribing agency ICU
Modifying agency BD-RjUL
Language of cataloging eng
041 ## - LANGUAGE CODE
Language code of text/sound track or separate title eng
082 00 - DEWEY DECIMAL CLASSIFICATION NUMBER
Classification number 668.62
Author mark and year FER 1968
245 10 - TITLE STATEMENT
Title Fertilizer nitrogen :
Remainder of title its chemistry and technology /
Statement of responsibility, etc. edited by Vincent Sauchelli.
260 ## - PUBLICATION, DISTRIBUTION, ETC. (IMPRINT)
Place of publication, distribution, etc. New York :
Name of publisher, distributor, etc. Reinhold Pub. Corp.,
Date of publication, distribution, etc. c1964 [Printing 1968].
300 ## - PHYSICAL DESCRIPTION
Pagination viii, 424 p. :
Illustrations ill. ;
Size 24 cm.
490 1# - SERIES STATEMENT
Series statement American Chemical Society. Monograph series,
Volume/sequential designation no. 161
504 ## - BIBLIOGRAPHY, ETC. NOTE
Bibliography, etc Includes bibliographies and index.
650 #0 - SUBJECT ADDED ENTRY--TOPICAL TERM
Topical term or geographic name as entry element Nitrogen fertilizers.
9 (RLIN) 50101
700 1# - ADDED ENTRY--PERSONAL NAME
Personal name Sauchelli, Vincent,
830 #0 - SERIES ADDED ENTRY--UNIFORM TITLE
Volume number/sequential designation no. 161.
Uniform title Monograph series (American Chemical Society) ;
942 ## - ADDED ENTRY ELEMENTS (KOHA)
Source of classification or shelving scheme Dewey Decimal Classification
Koha item type Books
Holdings
Lost status Source of classification or shelving scheme Damaged status Not for loan Collection code Permanent Location Current Location Shelving location Date acquired Source of acquisition Total Checkouts Full call number Date last seen Copy number Koha item type Cost, normal purchase price
  Dewey Decimal Classification     Non-fiction Central Library, University of Rajshahi Central Library, University of Rajshahi   01/01/1974 U.S. Govt.   668.62 FER 1968 11/02/2014 C-4 Books  
  Dewey Decimal Classification     Non-fiction Central Library, University of Rajshahi Central Library, University of Rajshahi   25/05/1970 Zeitlinger   668.62 FER 1968 14/11/2016 C-2 Books 187.00
  Dewey Decimal Classification     Non-fiction Central Library, University of Rajshahi Central Library, University of Rajshahi   01/01/1974 U.S. Govt   668.62 FER 1968 17/11/2019 C-5 Books  
  Dewey Decimal Classification     Non-fiction Central Library, University of Rajshahi Central Library, University of Rajshahi   01/01/1974 U.S. Govt   668.62 FER 1968 17/11/2019 C-6 Books  
  Dewey Decimal Classification     Non-fiction Central Library, University of Rajshahi Central Library, University of Rajshahi   25/05/1970 zaitlinger   668.62 FER 1968 17/11/2019 C-3 Books 187.00
  Dewey Decimal Classification   Not For Loan Non-fiction Central Library, University of Rajshahi Central Library, University of Rajshahi Reading Room 21/05/1968 central aid scientific book programe   668.62 FER 1968 17/11/2019 C-1 Books